| 000 | 00503nam a22001577a 4500 | ||
|---|---|---|---|
| 999 |
_c534215 _d534215 |
||
| 020 | _qHard Cover. | ||
| 082 | _a660 | ||
| 100 | _aMehmood, Ayaz | ||
| 245 |
_aDevelopment of novel slow release urea fertilizer / _cAyaz Mehmood. |
||
| 260 |
_aIslamabad : _bSCME - NUST, _c2016. |
||
| 300 |
_aix, 51 p. : ill. ; _c30cm. |
||
| 942 |
_2ddc _cTHE |
||
| 650 |
_aChemical Engineering MS-Thesis. _916130 |
||
| 700 |
_aDr. Muhammad Bilal Khan Niazi. _916157 |
||